000 00880nam a2200301Ia 4500
003 OSt
005 20220927110412.0
006 a|||||r|||| 00| 0
007 ta
008 220926b |||||||| |||| 00| 0 eng d
020 _a9290451440
024 _a8016
037 _cReports
040 _aRTL
_cRTL
_beng
041 _2eng
_aeng
082 _a"V1:1954, P1/UN"
100 _aFolb Peter
_9377736
245 0 _aProject coast
_b Apartheid's chemical and biological.
260 _aGeneva
_bU N
_c2002
300 _a"xiii, 297p"
_ccm.
490 _aUnited Nations Institue for Disarmament Research. Centre for Conflict Resolution
650 _a Disarmament Research
_9377737
650 _a World
650 _aHistory
700 _a Gould Chandre
_9377738
942 _h"V1:1954, P1/UN"
_cCC
999 _c696418
_d696418